[Event "GER-chT U10"]
[Site "Magdeburg"]
[Date "2016.12.29"]
[Round "6.4"]
[White "Varykhalov, Roman"]
[Black "Jafarzadeh, Aria"]
[Result "0-1"]
[WhiteElo "803"]
[BlackElo "932"]
[PlyCount "50"]
[EventDate "2016.12.27"]
[EventType "team-swiss"]
[EventRounds "7"]
[EventCountry "GER"]
[SourceTitle "EXT 2018"]
[Source "ChessBase"]
[SourceDate "2017.10.13"]
[SourceVersion "1"]
[SourceVersionDate "2017.10.13"]
[SourceQuality "1"]
[WhiteTeam "Kreuzberg"]
[BlackTeam "Stade"]
[WhiteTeamCountry "GER"]
[BlackTeamCountry "GER"]

1. e4 e5 2. Nf3 Nc6 3. Nc3 Nf6 4. Bc4 Bb4 5. 0-0 Bxc3 6. bxc3 d6 7. d4 exd4 8. cxd4 Nxe4 9. Re1 d5 10. Bb5 Bd7 11. Bg5 f6 12. Bd2 0-0 13. c4 dxc4 14. Rxe4 a6 15. Bxc4+ Kh8 16. Qb1 Bf5 17. Bd3 Bxe4 18. Bxe4 Rb8 19. Bxh7 Nxd4 20. Qg6 Nxf3+ 21. gxf3 Qxd2 22. Qh5 Qg5+ 23. Qg4 Qxg4+ 24. fxg4 Kxh7 25. Rc1 c6 0-1